Asphalt science and technology. 1997. (Record no. 41482)

MARC details
000 -LEADER
fixed length control field 00443nam a2200157Ia 4500
082 ## - DEWEY DECIMAL CLASSIFICATION NUMBER
Classification number 678.049.2
Item number USM
245 #0 - TITLE STATEMENT
Title Asphalt science and technology. 1997.
260 ## - PUBLICATION, DISTRIBUTION, ETC. (IMPRINT)
Place of publication New York
Name of publisher Marcel Dekker
Year of publication 1997
650 ## - SUBJECT ADDED ENTRY--TOPICAL TERM
Topical Term Asphalt coatings
650 ## - SUBJECT ADDED ENTRY--TOPICAL TERM
Topical Term Bitumen polymer blends
650 ## - SUBJECT ADDED ENTRY--TOPICAL TERM
Topical Term Crumb rubber modifiers
650 ## - SUBJECT ADDED ENTRY--TOPICAL TERM
Topical Term Polymer modified asphalt
700 ## - ADDED ENTRY--PERSONAL NAME
Personal name Usmani, Arthur M
942 ## - ADDED ENTRY ELEMENTS (KOHA)
Koha item type Books
Holdings
Withdrawn status Lost status Damaged status Not for loan Home library Current library Date acquired Cost, normal purchase price Full call number Accession Number Koha item type
        RRII Library RRII Library 16/12/2021 195.00 678.049.2 USM 21768 Books